Na plné ústa /

Uložené v:
Podrobná bibliografia
Hlavný autor: Tatranský, Amos, 1969-2006
Médium: Kniha
Jazyk:Slovak
Vydané: Bystrany : Rímskokatolícky farský úrad, 2008.
Vydanie:1. vyd.
Témy:
ISBN: 9788096988358 (viaz.)
Fyzický popis: 147 s. : fotogr. ; 22 cm.
Tagy: Pridať tag
Žiadne tagy, Buďte prvý kto otaguje tento záznam!

MARC

LEADER 00000nam a2200000 a 4500
001 000323708
005 20080815072256.0
008 080327s2008 xo o g 000 0dslo d
020 |a 9788096988358 (viaz.) 
040 |a SVKKK  |b slo  |c SVKKK  |e AACR2 
041 0 |a slo 
044 |a xo  |c SK 
072 7 |a 27-46/-48  |x Pastorálna teológia  |2 konspekt 
072 7 |a 17  |x Etika. Morálna filozofia  |2 konspekt 
080 |a 17.02  |2 2001 
080 |a 272/273-726.3  |2 2001 
080 |a 27-46  |2 2001 
080 |a (0:82-84)  |2 2001 
080 |a (0:82-4)  |2 2001 
100 1 |a Tatranský, Amos,  |d 1969-2006 
245 1 0 |a Na plné ústa /  |c Amos Tatranský. 
250 |a 1. vyd. 
260 |a Bystrany :  |b Rímskokatolícky farský úrad,  |c 2008. 
300 |a 147 s. :  |b fotogr. ;  |c 22 cm. 
366 |e 1000 výt. 
650 0 7 |a životná múdrosť  |2 SVKKKPH 
650 0 7 |a katolícki kňazi  |2 SVKKKPH 
650 0 7 |a pastorácia  |2 SVKKKPH 
655 7 |a citáty  |2 SVKKKPH 
655 7 |a úvahy  |2 SVKKKPH 
910 |a svkkk 
919 |a 978-80-969883-5-8 
998 |a BK 
090 |g SCKHL  |k Sklad Pribinova prízemie  |a IV.202486  |j 998891  |i 2720103225  |s Absenčne